000 00716nam a22002417a 4500
003 UA-OsUOA
001 24097
007 ta
008 20040206b un ||||| |||| 00| 0 ukr d
100 _aМарунчак М.
090 _a323.1
_bМ30
942 _cBK
040 _aUA-OsUOA
_bukr
_cUA-OsUOA
_dUA-OsUOA
245 _aНація в боротьбі за своє існування 1932 і 1933 в Україні і діяспорі
300 _a144 с.
955 _a2
041 _aukr
080 _a323.1
260 _aВінніпег
_bУкраїнської Вільної Академії Наук в Канаді
_c1985
044 _aUA
650 7 _a32 Політика
_2UDC
999 _c310361
_d310361